000 00464nam a22001697a 4500
999 _c525006
_d525006
003 NUST
020 _cPaperback
038 _aM. Shaban
082 _a891.421
_bSAN
100 _aSanjrani, Rafique Hamrahi
_915804
245 _aChoch souli /
_cRafique Hamrahi Sanjrani
260 _aLyya :
_bSoundar printer,
_c1994.
300 _a109 p. ;
880 _6100-01\r
_aرفیق ہمراز سنجرانی
880 _6245-02\r
_aسوچ سُولی /
942 _2ddc
_cBK